书目信息 |
| 题名: |
全球定位系统(GPS)测量原理及应用
|
|
| 作者: | 邓明镜 主编 | |
| 分册: | ||
| 出版信息: | 成都 西南交通大学出版社 2014.01 |
|
| 页数: | 277页 | |
| 开本: | 26cm | |
| 丛书名: | ||
| 单 册: | ||
| 中图分类: | P228.4 | |
| 科图分类: | ||
| 主题词: | 全球定位系统--测量--高等学校--教材 , 全球定位系统 , 测量 | |
| 电子资源: | ||
| ISBN: | 978-7-5643-2837-5 | |
| 000 | 01387nam0 2200289 450 | |
| 001 | 012014042935 | |
| 005 | 20140707105215.46 | |
| 010 | @a978-7-5643-2837-5@dCNY36.00 | |
| 100 | @a20140314d2014 em y0chiy0110 ea | |
| 101 | 0 | @achi |
| 102 | @aCN@b510000 | |
| 105 | @aak z 000yy | |
| 106 | @ar | |
| 200 | 1 | @a全球定位系统(GPS)测量原理及应用@9quan qiu ding wei xi tong (GPS) ce liang yuan li ji ying yong@f邓明镜[等]主编 |
| 210 | @a成都@c西南交通大学出版社@d2014.01 | |
| 215 | @a277页@c图@d26cm | |
| 300 | @a重庆交通大学测绘工程专业提升计划本科规划教材——测绘类 | |
| 304 | @a主编还有:刘国栋,徐金鸿, 倪健 | |
| 330 | @a本书为教材。分九章系统论述了GPS测量原理、基本理论、误差分析、测量技术设计与实施、数据处理数学模型、相关理论及应用现状。本书根据作者多年的GPS教学讲义和课件等相关教学资料汇编而得,因此更注重对一些重要的基本概念、基本理论的理解和分析,然后在此基础上介绍GPS测量应用技术方面的内容。本书为重庆交通大学测绘工程专业“专业提升计划”项目之一,旨在提升测绘类专业本科教学的专业教学质量,公式推导通俗易懂,内容编排顺序符合学生的学习习惯,理论结合实际,针对性强,具有较高的实用价值和实践指导意义。 | |
| 333 | @a高校相关专业师生 | |
| 606 | 0 | @a全球定位系统@x测量@x高等学校@j教材 |
| 606 | 0 | @a全球定位系统 |
| 606 | 0 | @a测量 |
| 690 | @aP228.4@v5 | |
| 701 | 0 | @a邓明镜@9deng ming jing@4主编 |
| 801 | 0 | @aCN@b人天书店@c20140307 |
| 905 | @b847419-21@dP228.4@e223@f3 | |
| 全球定位系统(GPS)测量原理及应用/邓明镜[等]主编.-成都:西南交通大学出版社,2014.01 |
| 277页:图;26cm |
| 重庆交通大学测绘工程专业提升计划本科规划教材——测绘类.-使用对象:高校相关专业师生 |
| ISBN 978-7-5643-2837-5:CNY36.00 |
| 本书为教材。分九章系统论述了GPS测量原理、基本理论、误差分析、测量技术设计与实施、数据处理数学模型、相关理论及应用现状。本书根据作者多年的GPS教学讲义和课件等相关教学资料汇编而得,因此更注重对一些重要的基本概念、基本理论的理解和分析,然后在此基础上介绍GPS测量应用技术方面的内容。本书为重庆交通大学测绘工程专业“专业提升计划”项目之一,旨在提升测绘类专业本科教学的专业教学质量,公式推导通俗易懂,内容编排顺序符合学生的学习习惯,理论结合实际,针对性强,具有较高的实用价值和实践指导意义。 |
| ● |
| 相关链接 |
|
|
|
|
正题名:全球定位系统(GPS)测量原理及应用
索取号:P228.4/223
 
预约/预借
| 序号 | 登录号 | 条形码 | 馆藏地/架位号 | 状态 | 备注 |
| 1 | 847419 | 208474195 | 第二样本阅览室/ [索取号:P228.4/223] | 在馆 | |
| 2 | 847420 | 208474202 | 第三借阅区/ [索取号:P228.4/223] | 在馆 | |
| 3 | 847421 | 208474211 | 密集书库-资源管理系/ [索取号:P228.4/223] | 在馆 |